| 000 | 00805nam a2200193 a 4500 | ||
|---|---|---|---|
| 003 | 0 | ||
| 005 | 20250609111611.0 | ||
| 008 | 080526s19uu xx 00 eng d | ||
| 050 |
_aPHS BF 723.S75 _b.M57 2001 |
||
| 100 | _aMisaghi, Anis Gregory E. | ||
| 245 |
_aCauses of stress and coping mechanisms of senior high school students, school year 2000 - 2001 in Las Piñas and Muntinlupa / _cAnis Gregory E. Misaghi. |
||
| 260 |
_aLas Piñas City, Philippines : _bSouthville International School and Colleges, _c2001. |
||
| 300 |
_a33 pages : _billustrations ; _c28 cm. |
||
| 504 | _aIncludes bibliographical references. | ||
| 650 |
_aStress in adolescence _zPhilippines. |
||
| 650 |
_aCoping (Psychology) _zPhilippines. |
||
| 650 |
_aAdjustment (Psychology) in adolescence _zPhilippines. |
||
| 942 |
_2lcc _cPASS |
||
| 999 |
_c96540 _d96540 |
||